[Event "Open Loire 2008-2009"]
[Site "Loire"]
[Date "2008.11.15"]
[Round "1.1"]
[White "Simon, Joel"]
[Black "Martin, Julien"]
[Result "1/2-1/2"]
[WhiteElo "1730"]
[BlackElo "1460"]
[PlyCount "56"]
[EventDate "2008.??.??"]

1. d4 d5 2. Nc3 Nf6 3. f3 Nc6 4. e4 dxe4 5. fxe4 Qxd4 6. Bd3 e5 7. Nf3 Qd8 8.
O-O Bc5+ 9. Kh1 O-O 10. Bg5 Be7 11. Bxf6 Bxf6 12. Nd5 Be6 13. Nxf6+ Qxf6 14.
Nd4 Qe7 15. Nxc6 bxc6 16. Qf3 c5 17. c4 Rfd8 18. b3 Qg5 19. Be2 Rd2 20. Rfd1
Rxe2 21. Qxe2 Bg4 22. Qf2 Bxd1 23. Rxd1 Rd8 24. Rf1 Qf4 25. Qe2 Qd2 26. Qh5 g6
27. Qxe5 Qf2 28. Rg1 Rd2 1/2-1/2

[Event "Open Loire 2008-2009"]
[Site "Loire"]
[Date "2008.11.15"]
[Round "1.2"]
[White "Paratcha, Yohan"]
[Black "Kotur, Sava"]
[Result "0-1"]
[WhiteElo "1440"]
[BlackElo "1660"]
[PlyCount "86"]
[EventDate "2008.??.??"]

1. e4 d5 2. exd5 Qxd5 3. d4 c6 4. Nc3 Qd8 5. Nf3 Nf6 6. Be2 g6 7. O-O Bg7 8.
Re1 O-O 9. h3 Nbd7 10. b3 Nd5 11. Nxd5 cxd5 12. c4 Nf6 13. Bb2 a6 14. a4 e6 15.
Bd3 Nh5 16. Ba3 Re8 17. cxd5 Qxd5 18. Bc4 Qd8 19. Ra2 Nf6 20. Bb2 Nd5 21. Bxd5
Qxd5 22. Ba1 Rd8 23. Rd2 Bd7 24. Ne5 Bc6 25. f3 Bf8 26. Nxc6 bxc6 27. Re5 Qd6
28. Rc5 Bg7 29. a5 e5 30. Rc4 Rab8 31. dxe5 Qxd2 32. Qxd2 Rxd2 33. Bc3 Rd5 34.
f4 c5 35. b4 cxb4 36. Bxb4 Bf8 37. Bc3 Bc5+ 38. Kh2 Be3 39. g3 Bd2 40. h4 Bxc3
41. Rxc3 Rxa5 42. Rc6 Ra2+ 43. Kh3 a5 0-1

[Event "Open Loire 2008-2009"]
[Site "Loire"]
[Date "2008.11.15"]
[Round "1.3"]
[White "Moleins, Jean-Pierre"]
[Black "Rasle, Corentin"]
[Result "1-0"]
[WhiteElo "1640"]
[BlackElo "1420"]
[PlyCount "89"]
[EventDate "2008.??.??"]

1. e4 e6 2. d4 d5 3. e5 c5 4. c3 Nc6 5. Bb5 Nge7 6. Nf3 Qb6 7. Na3 Bd7 8. dxc5
Qc7 9. Bxc6 Nxc6 10. Nb5 Qa5 11. Nd6+ Bxd6 12. cxd6 Qb5 13. a4 Qc4 14. Qc2 O-O
15. Ng5 g6 16. b3 Nb4 17. Qxg6+ fxg6 18. bxc4 Nc2+ 19. Ke2 Nxa1 20. cxd5 exd5
21. e6 Bxe6 22. Ba3 Rf5 23. Nxe6 Re5+ 24. Kd3 Rxe6 25. a5 Kf7 26. Rb1 Rb8 27.
Bc5 Ke8 28. Bxa7 Ra8 29. d7+ Kxd7 30. Rxb7+ Ke8 31. Rxh7 Re7 32. Rh8+ Kd7 33.
Rxa8 Kc7 34. Bb6+ Kc6 35. Rg8 Re6 36. Bd4 Kb5 37. Rd8 Kxa5 38. Rxd5+ Ka6 39. g4
Kb7 40. h4 Kc6 41. Rc5+ Kd6 42. Ra5 Re7 43. Ra6+ Kd5 44. Rxg6 Rh7 45. Rg7 1-0

[Event "Open Loire 2008-2009"]
[Site "Loire"]
[Date "2008.11.15"]
[Round "1.4"]
[White "Chambosse, Alexis"]
[Black "Buisine, Roman"]
[Result "1-0"]
[WhiteElo "1410"]
[BlackElo "1620"]
[PlyCount "85"]
[EventDate "2008.??.??"]

1. e4 e5 2. Nf3 Nc6 3. Bc4 Bc5 4. b4 Bxb4 5. c3 Bc5 6. d4 exd4 7. O-O Nge7 8.
cxd4 Bb4 9. Qb3 a5 10. Bxf7+ Kf8 11. a3 a4 12. Qa2 Ba5 13. Bb2 b5 14. Ng5 h6
15. Nf3 Ba6 16. Rd1 Rb8 17. Nc3 b4 18. Nxa4 bxa3 19. Bxa3 Bb4 20. Bc4 Bxa3 21.
Bxa6 Nb4 22. Qxa3 Nxa6 23. Nc5 Nb4 24. Rab1 Nbc6 25. Rxb8 Nxb8 26. Rb1 Kf7 27.
Ne5+ Kf6 28. Rxb8 Qxb8 29. Ncxd7+ Ke6 30. Nxb8 Rxb8 31. f3 Kf6 32. Nd7+ Kg5 33.
Nxb8 Ng6 34. Qc5+ Kf4 35. Qxc7+ Kg5 36. d5 Kf6 37. d6 Ne5 38. Qe7+ Kg6 39. Qxe5
Kf7 40. d7 Kg6 41. d8=R Kh7 42. Qf5+ g6 43. Qf7# 1-0

[Event "Open Loire 2008-2009"]
[Site "Loire"]
[Date "2008.11.15"]
[Round "1.5"]
[White "Carteron, Olivier"]
[Black "Volay, Pascal"]
[Result "0-1"]
[WhiteElo "1620"]
[BlackElo "1410"]
[PlyCount "68"]
[EventDate "2008.??.??"]

1. e4 e5 2. Nf3 Nc6 3. Bc4 Bc5 4. O-O Nf6 5. Re1 O-O 6. c3 d6 7. d4 exd4 8.
cxd4 Bb6 9. Bg5 h6 10. Bh4 g5 11. Nxg5 hxg5 12. Bxg5 Bxd4 13. Qe2 Ne5 14. Bb3
Kg7 15. Kh1 Rh8 16. f4 Neg4 17. h3 Nh6 18. e5 dxe5 19. fxe5 Nhg8 20. Qc4 Be6
21. Qe2 Bxb3 22. axb3 Qd5 23. Bxf6+ Nxf6 24. exf6+ Bxf6 25. Qg4+ Kf8 26. Rd1
Rxh3+ 27. Kg1 Rd3 28. Nc3 Qc5+ 29. Kh1 Rxd1+ 30. Nxd1 Re8 31. Qg3 Qd6 32. Qf2
Bd4 33. Qd2 Qf6 34. Nc3 Qh4# 0-1

[Event "Open Loire 2008-2009"]
[Site "Loire"]
[Date "2008.11.15"]
[Round "1.6"]
[White "Mougne, William"]
[Black "Rasle, Jean-Michel"]
[Result "0-1"]
[WhiteElo "1399"]
[BlackElo "1600"]
[PlyCount "150"]
[EventDate "2008.??.??"]

1. g3 g6 2. Bg2 Bg7 3. d3 Nf6 4. Nf3 O-O 5. O-O d5 6. Bg5 c6 7. Bxf6 Bxf6 8.
Nbd2 Bxb2 9. Rb1 Bg7 10. e4 b6 11. exd5 cxd5 12. c4 Bb7 13. c5 Nd7 14. Qc1 Nxc5
15. d4 Ne6 16. Nb3 Rc8 17. Qa3 a6 18. Rfc1 Rc4 19. Nc5 Rxc1+ 20. Qxc1 Nxc5 21.
dxc5 b5 22. a4 Bc6 23. Bf1 Qa5 24. axb5 axb5 25. Qd2 Qxd2 26. Nxd2 Rb8 27. Nb3
Bc3 28. Rc1 d4 29. Bg2 Bxg2 30. Kxg2 Rc8 31. c6 Rxc6 32. Nxd4 Rc5 33. Nxb5 Rxb5
34. Rxc3 Rb2 35. Rc7 e6 36. g4 Kg7 37. Kg3 Kf6 38. Rc5 Rd2 39. g5+ Kg7 40. Re5
Rd6 41. f4 h6 42. h4 Rd3+ 43. Kg2 hxg5 44. hxg5 f6 45. Rxe6 fxg5 46. fxg5 Kf7
47. Rf6+ Kg7 48. Rf3 Rd2+ 49. Kg3 Rd1 50. Kf4 Rd4+ 51. Kg3 Rd2 52. Rf2 Rxf2 53.
Kxf2 Kf8 54. Kf3 Kf7 55. Ke4 Ke6 56. Kf4 Kd5 57. Kg3 Ke5 58. Kg4 Ke4 59. Kg3
Kf5 60. Kh4 Kf4 61. Kh3 Kxg5 62. Kg3 Kf5 63. Kf3 g5 64. Kg3 g4 65. Kf2 Kf4 66.
Kg2 g3 67. Kf1 Kf3 68. Kg1 g2 69. Kh2 Kf2 70. Kh3 g1=Q 71. Kh4 Kf3 72. Kh5 Kf4
73. Kh6 Kf5 74. Kh7 Kf6 75. Kh8 Qg7# 0-1

[Event "Open Loire 2008-2009"]
[Site "Loire"]
[Date "2008.11.15"]
[Round "1.7"]
[White "Desassis, Jean-Francois"]
[Black "Brachet, Gerard"]
[Result "0-1"]
[WhiteElo "1570"]
[BlackElo "1390"]
[PlyCount "82"]
[EventDate "2008.??.??"]

1. d4 d5 2. Nf3 Nf6 3. e3 e6 4. Bd3 Nc6 5. a3 g6 6. Nbd2 Bg7 7. O-O O-O 8. Ne5
Qd6 9. f4 b6 10. c4 Ne7 11. b4 c5 12. Bb2 Bb7 13. bxc5 bxc5 14. dxc5 Qxc5 15.
Bd4 Qc7 16. c5 a5 17. Rb1 Ba6 18. Ndf3 Bxd3 19. Qxd3 Ne4 20. Rfe1 f6 21. Ng4 h5
22. Nf2 Nxf2 23. Kxf2 e5 24. fxe5 fxe5 25. Bxe5 Qxe5 26. Ke2 Qf5 27. Qd2 Nc6
28. Rf1 Qe4 29. Rfc1 d4 30. Qa2+ Kh8 31. Rb3 Rad8 32. Qb1 Qg4 33. Kf2 Bh6 34.
h3 Bxe3+ 35. Rxe3 dxe3+ 36. Kg1 Qg3 37. Qb2+ Kg8 38. Qb3+ Rf7 39. Qxe3 Nd4 40.
Rf1 Nxf3+ 41. Rxf3 Rxf3 0-1

[Event "Open Loire 2008-2009"]
[Site "Loire"]
[Date "2008.11.15"]
[Round "1.8"]
[White "Rogues, Jean-Luc"]
[Black "Gregoire, Patrick"]
[Result "0-1"]
[WhiteElo "1390"]
[BlackElo "1570"]
[PlyCount "56"]
[EventDate "2008.??.??"]

1. d4 d5 2. c4 e6 3. Nc3 Nf6 4. Nf3 c5 5. e3 Bd7 6. b3 Qb6 7. Ne5 cxd4 8. exd4
Bb4 9. Bb2 Ne4 10. c5 Qa5 11. Qf3 Bxc3+ 12. Bxc3 Qxc3+ 13. Qxc3 Nxc3 14. Bd3
Bb5 15. Bc2 Ne2 16. Rd1 Nf4 17. g3 Nh5 18. f4 Nf6 19. Kf2 Nc6 20. a4 Ba6 21.
Rhe1 Nxe5 22. fxe5 Ng4+ 23. Kg2 O-O 24. b4 Bc4 25. b5 f6 26. Rd2 fxe5 27. dxe5
Bf1+ 28. Rxf1 Ne3+ 0-1

[Event "Open Loire 2008-2009"]
[Site "Loire"]
[Date "2008.11.15"]
[Round "1.10"]
[White "Daillere, Roland"]
[Black "Desassis, Maxence"]
[Result "0-1"]
[WhiteElo "1320"]
[BlackElo "1560"]
[PlyCount "100"]
[EventDate "2008.??.??"]

1. e4 c5 2. Nf3 Nc6 3. Bb5 g6 4. Bxc6 bxc6 5. d4 cxd4 6. Nxd4 Bg7 7. O-O Qb6 8.
c3 Nf6 9. e5 Ne4 10. f3 Ba6 11. fxe4 Bxf1 12. Kxf1 Bxe5 13. g3 c5 14. Nf3 Qf6
15. Bg5 Qe6 16. Nxe5 Qxe5 17. Bf4 Qxe4 18. Nd2 Qh1+ 19. Kf2 Qxh2+ 20. Ke3 g5
21. Be5 f6 22. Nf3 Qh6 23. Qd5 Rd8 24. Bc7 g4+ 25. Bf4 e6 26. Qxc5 Qf8 27. Bd6
Qg7 28. Nd4 Qg5+ 29. Qxg5 fxg5 30. Rf1 a6 31. Nb3 Rc8 32. Nc5 Rc6 33. Be5 Rf8
34. Rxf8+ Kxf8 35. Nxd7+ Ke7 36. Nf6 Rc5 37. Bd4 Rf5 38. Nxg4 h5 39. Ne5 Kd6
40. Nd3 h4 41. g4 Rf1 42. Nf2 e5 43. Bb6 Kd5 44. Bd8 Re1+ 45. Kf3 e4+ 46. Kg2
e3 47. Nh3 e2 48. Bxg5 Rg1+ 49. Nxg1 e1=Q 50. Bxh4 Qxh4 0-1

[Event "Open Loire 2008-2009"]
[Site "Loire"]
[Date "2008.11.15"]
[Round "1.11"]
[White "Joly, Christian"]
[Black "Schlick, Paul"]
[Result "0-1"]
[WhiteElo "1550"]
[BlackElo "1320"]
[PlyCount "62"]
[EventDate "2008.??.??"]

1. e4 e5 2. Nf3 Nc6 3. d4 exd4 4. Bc4 Bb4+ 5. Bd2 Bxd2+ 6. Qxd2 Nf6 7. O-O O-O
8. Re1 d5 9. exd5 Nxd5 10. Nxd4 Nxd4 11. Qxd4 Nb6 12. Bxf7+ Kxf7 13. Qe3 Kg8
14. Nc3 Bd7 15. Red1 Qf6 16. f3 Rad8 17. Ne4 Qxb2 18. Ng5 Qf6 19. Qb3+ Kh8 20.
Ne4 Qe6 21. Qd3 Qe7 22. Qc3 Bf5 23. Nd2 Rfe8 24. Re1 Qf7 25. Red1 Re7 26. Rf1
Rde8 27. Nb3 Qg6 28. Nd4 Bh3 29. Rf2 c5 30. Ne2 Rxe2 31. Qxc5 Re1+ 0-1

[Event "Open Loire 2008-2009"]
[Site "Loire"]
[Date "2008.11.15"]
[Round "1.12"]
[White "Swietlicki, Jordan"]
[Black "Ben Habchi, Nordine"]
[Result "0-1"]
[WhiteElo "1250"]
[BlackElo "1530"]
[PlyCount "58"]
[EventDate "2008.??.??"]

1. e4 d5 2. e5 Bf5 3. d3 e6 4. Nf3 c5 5. Be2 Nc6 6. b3 Be7 7. O-O f6 8. Bb2 Qc7
9. exf6 Bxf6 10. Bxf6 Nxf6 11. Nbd2 O-O 12. c4 d4 13. h3 Ne7 14. Nh4 Rad8 15.
Nxf5 exf5 16. f4 Ng6 17. g3 Rfe8 18. a3 Re3 19. Rf3 Rde8 20. Nf1 Rxe2 21. Qc1
Qc6 22. Rf2 b6 23. Rxe2 Rxe2 24. Ne3 Rxe3 25. Qf1 Rxg3+ 26. Kh2 Nh5 27. Qe2
Ngxf4 28. Qf1 Rg2+ 29. Qxg2 Qxg2# 0-1

[Event "Open Loire 2008-2009"]
[Site "Loire"]
[Date "2008.11.15"]
[Round "1.13"]
[White "Megnot, Philippe"]
[Black "Laffin, Mickael"]
[Result "1/2-1/2"]
[WhiteElo "1510"]
[BlackElo "1199"]
[PlyCount "119"]
[EventDate "2008.??.??"]

1. d4 d5 2. Nf3 Nc6 3. g3 Nf6 4. Bg2 Bf5 5. Nbd2 e6 6. Nb3 Bb4+ 7. c3 Bd6 8.
O-O O-O 9. Re1 Ng4 10. h3 Nf6 11. Bg5 h6 12. Bd2 Qe7 13. Nc1 b5 14. a3 a5 15.
Nd3 Rab8 16. b4 axb4 17. cxb4 Bxb4 18. axb4 Ra8 19. Qb3 Rxa1 20. Rxa1 Nd8 21.
Nde5 Ne4 22. Be3 Qd6 23. Nd2 Nc6 24. Nxe4 dxe4 25. Nxc6 Qxc6 26. Rc1 Qd6 27.
Rc5 Rc8 28. Rxb5 Qc6 29. Rc5 Qa6 30. b5 Qa1+ 31. Kh2 Qe1 32. b6 Ra8 33. b7 Ra1
34. b8=Q+ Kh7 35. f4 Kg6 36. Rc2 Kh5 37. Qxc7 g5 38. Qxf7+ Bg6 39. g4+ Kh4 40.
Rc1 Qg3+ 41. Kh1 Rxc1+ 42. Bxc1 Bxf7 43. Qxg3+ Kxg3 44. e3 gxf4 45. exf4 Kf2
46. Kh2 e3 47. Bxe3+ Kxe3 48. Kg3 Kxd4 49. h4 h5 50. Bf3 hxg4 51. Kxg4 e5 52.
fxe5 Kxe5 53. Kg5 Ke6 54. Be4 Be8 55. Bg6 Ba4 56. h5 Ke7 57. Bd3 Kf7 58. Kh6
Bd1 59. Bc4+ Ke7 60. Kg5 1/2-1/2

[Event "Open Loire 2008-2009"]
[Site "Loire"]
[Date "2008.11.15"]
[Round "1.14"]
[White "Victoria, Philippe"]
[Black "Perez, Christian"]
[Result "0-1"]
[WhiteElo "1199"]
[BlackElo "1500"]
[PlyCount "62"]
[EventDate "2008.??.??"]

1. e4 e6 2. d4 d5 3. Nc3 Nf6 4. Bd3 Be7 5. e5 Nfd7 6. Nf3 O-O 7. Be3 c5 8. Qd2
cxd4 9. Bxd4 Nc6 10. Qe3 Nxd4 11. Qxd4 Bc5 12. Qg4 h6 13. O-O-O Bxf2 14. Rhf1
Be3+ 15. Kb1 Qb6 16. Na4 Qc7 17. Rde1 Bb6 18. b3 Ba5 19. Re3 Nc5 20. c4 Nxa4
21. bxa4 Qb6+ 22. Kc2 Qxe3 23. cxd5 Qc5+ 24. Kb1 Bd7 25. Qe4 Qb4+ 26. Kc2 Rac8+
27. Qc4 Bxa4+ 28. Kc1 Rxc4+ 29. Bxc4 Qc3+ 30. Kb1 Qc2+ 31. Ka1 Bc3# 0-1

[Event "Open Loire 2008-2009"]
[Site "Loire"]
[Date "2008.11.15"]
[Round "1.15"]
[White "Jan, Christophe"]
[Black "Massard, Quentin"]
[Result "1-0"]
[WhiteElo "1499"]
[BlackElo "1190"]
[PlyCount "21"]
[EventDate "2008.??.??"]

1. e4 g6 2. d4 Bg7 3. Nf3 e6 4. Be3 Ne7 5. Nc3 O-O 6. Qd2 b6 7. Bh6 Bxh6 8.
Qxh6 Bb7 9. Ng5 Re8 10. Qxh7+ Kf8 11. Qxf7# 1-0

[Event "Open Loire 2008-2009"]
[Site "Loire"]
[Date "2008.11.15"]
[Round "1.16"]
[White "Choquelle, Jean"]
[Black "Liogier, Pascal"]
[Result "0-1"]
[WhiteElo "1140"]
[BlackElo "1499"]
[PlyCount "66"]
[EventDate "2008.??.??"]

1. c4 Nf6 2. Nc3 e6 3. g3 d5 4. e3 dxc4 5. Bxc4 a6 6. Rb1 c5 7. a3 Nc6 8. b4 b5
9. Qb3 bxc4 10. b5 cxb3 11. Rxb3 Na5 12. Rb1 Rb8 13. a4 c4 14. Nge2 Nb3 15. Rb2
Nxc1 16. Nxc1 Ba3 17. Rc2 Bxc1 18. Rxc1 Qd3 19. h4 Rb6 20. Rh2 Bb7 21. Rh3 Bg2
22. Kd1 Qf1+ 23. Kc2 Qxc1+ 24. Kxc1 Bxh3 25. bxa6 Rxa6 26. Nb5 O-O 27. Nc3 Bf5
28. Kb2 Rb8+ 29. Nb5 Rxa4 30. f3 Rxb5+ 31. Kc3 Bd3 32. g4 Ra3+ 33. Kd4 Rd5# 0-1

[Event "Open Loire 2008-2009"]
[Site "Loire"]
[Date "2008.11.15"]
[Round "1.17"]
[White "Mazet, Christian"]
[Black "Bec, Jimmy"]
[Result "1-0"]
[WhiteElo "1499"]
[BlackElo "1110"]
[PlyCount "114"]
[EventDate "2008.??.??"]

1. d4 d5 2. c4 e6 3. Nf3 Nf6 4. Bg5 Be7 5. e3 O-O 6. Bd3 Nc6 7. Nc3 Bd7 8. O-O
Re8 9. cxd5 exd5 10. Rc1 Bg4 11. h3 Be6 12. Bb1 h6 13. Bf4 Qd7 14. Kh2 Bf5 15.
Bxf5 Qxf5 16. Bxc7 Rec8 17. Be5 Nxe5 18. Nxe5 Bd6 19. f4 Ne4 20. Nxd5 f6 21.
Qg4 Qxg4 22. Nxg4 h5 23. Rxc8+ Rxc8 24. Nf2 f5 25. Nd3 Nd2 26. Rc1 Rc6 27. Rxc6
bxc6 28. N5b4 Nf1+ 29. Kg1 Nxe3 30. Nxc6 a6 31. Nde5 Nd5 32. g3 Kh7 33. Nf7 Bc7
34. Ng5+ Kg6 35. Ne5+ Kf6 36. Nd7+ Ke7 37. Ne5 Bb6 38. Ngf3 Kf6 39. Kf2 Ke6 40.
Ke2 Nb4 41. a3 Nd5 42. Kd3 Nf6 43. Ng5+ Kd5 44. Ngf3 Ne4 45. Nc4 Ba7 46. Ne3+
Kd6 47. Nxf5+ Kd5 48. Nxg7 Nxg3 49. f5 Kd6 50. Ne5 Ke7 51. Nc6+ Kf6 52. Nxh5+
Kg5 53. Nxg3 Bb6 54. Ne7 Bd8 55. Nd5 Kh4 56. f6 Bxf6 57. Nxf6 Kxg3 1-0

[Event "Open Loire 2008-2009"]
[Site "Loire"]
[Date "2008.11.15"]
[Round "1.18"]
[White "Desassis, Emmeran"]
[Black "Trottet, Francois"]
[Result "0-1"]
[WhiteElo "1070"]
[BlackElo "1470"]
[PlyCount "70"]
[EventDate "2008.??.??"]

1. d4 Nf6 2. Nf3 d5 3. e3 e6 4. Nc3 a6 5. Bd3 Be7 6. b3 c5 7. a3 Nbd7 8. b4 c4
9. Be2 Qc7 10. a4 Bxb4 11. Bb2 Ne4 12. Nd2 Nxc3 13. Qc1 Nxe2 14. Kxe2 c3 15.
Ba3 Bxa3 16. Qxa3 cxd2 17. Kxd2 Nb6 18. Qb3 Nc4+ 19. Kd3 O-O 20. f3 e5 21. c3
e4+ 22. fxe4 dxe4+ 23. Kxe4 Re8+ 24. Kd3 Rxe3+ 25. Kc2 Be6 26. g3 Na5 27. Qb4
Bf5+ 28. Kd2 Nc4+ 29. Kc1 Rae8 30. Rd1 Re2 31. Rf1 Rc2+ 32. Kd1 Ne3+ 33. Ke1
Nd5+ 34. Kd1 Nxb4 35. Rxf5 Qxc3 0-1

[Event "Open Loire 2008-2009"]
[Site "Loire"]
[Date "2008.11.15"]
[Round "2.1"]
[White "Kotur, Sava"]
[Black "Jan, Christophe"]
[Result "0-1"]
[WhiteElo "1660"]
[BlackElo "1499"]
[PlyCount "68"]
[EventDate "2008.??.??"]

1. d4 d5 2. Nf3 Nf6 3. g3 Nc6 4. Bg2 g6 5. O-O Bg7 6. c3 O-O 7. Be3 Re8 8. Qc1
Ng4 9. Bd2 e5 10. dxe5 Ncxe5 11. Nxe5 Nxe5 12. Bf4 c6 13. Re1 Qe7 14. Nd2 f5
15. Nf3 Nc4 16. Bg5 Qc5 17. Bh6 Bxh6 18. Qxh6 Nxb2 19. Ng5 Re7 20. h4 Qxc3 21.
h5 Qg7 22. Qxg7+ Kxg7 23. Nf3 gxh5 24. Nh4 Kf6 25. Rab1 Nc4 26. e3 b6 27. Bf3
Nd2 28. Rb2 Nxf3+ 29. Nxf3 c5 30. Rd1 Bb7 31. Nh4 d4 32. exd4 cxd4 33. Rxd4
Re1+ 34. Kh2 Rh1# 0-1

[Event "Open Loire 2008-2009"]
[Site "Loire"]
[Date "2008.11.15"]
[Round "2.2"]
[White "Liogier, Pascal"]
[Black "Moleins, Jean-Pierre"]
[Result "0-1"]
[WhiteElo "1499"]
[BlackElo "1640"]
[PlyCount "103"]
[EventDate "2008.??.??"]

1. e4 b6 2. d4 d6 3. Nf3 e6 4. c4 Nf6 5. Nc3 Bb7 6. d5 Be7 7. Bd3 h6 8. h3 e5
9. Nh4 Nxe4 10. Bxe4 Bxh4 11. Qf3 Qf6 12. Qxf6 Bxf6 13. Be3 c6 14. O-O O-O 15.
f4 exf4 16. Bxf4 Be5 17. Bxe5 dxe5 18. d6 Nd7 19. Rad1 g6 20. Rf2 f5 21. Bc2
Rad8 22. b4 c5 23. a3 Rf6 24. Nd5 Bxd5 25. Rxd5 Re6 26. b5 e4 27. Kf1 Ne5 28.
Bb3 Nd3 29. d7 Nxf2 30. Kxf2 Re7 31. Rd6 Kf7 32. Ke3 Rexd7 33. Rxd7+ Rxd7 34.
Bc2 Rd4 35. g3 Rxc4 36. Bb3 Kf6 37. Bxc4 Ke5 38. h4 g5 39. hxg5 hxg5 40. Bb3
f4+ 41. gxf4+ gxf4+ 42. Kd2 Kd4 43. Bd1 c4 44. Kc2 f3 45. Kd2 e3+ 46. Ke1 f2+
47. Ke2 Kc3 48. a4 f1=Q+ 49. Kxf1 Kd2 50. Be2 c3 51. Bd3 Kxd3 52. Ke1 0-1

[Event "Open Loire 2008-2009"]
[Site "Loire"]
[Date "2008.11.15"]
[Round "2.4"]
[White "Gregoire, Patrick"]
[Black "Trottet, Francois"]
[Result "1-0"]
[WhiteElo "1570"]
[BlackElo "1470"]
[PlyCount "104"]
[EventDate "2008.??.??"]

1. e4 c5 2. Nf3 d6 3. d4 cxd4 4. Nxd4 a6 5. Bc4 Nf6 6. Bg5 e6 7. O-O Be7 8. Re1
Nc6 9. Nxc6 bxc6 10. Nd2 O-O 11. Qf3 Qc7 12. Bd3 e5 13. Qg3 Nh5 14. Qh4 f6 15.
Be3 g6 16. Be2 f5 17. Bg5 Bxg5 18. Qxg5 Nf4 19. Bc4+ d5 20. Bb3 Kg7 21. exd5
cxd5 22. Nf3 h6 23. Qg3 e4 24. Nd4 Bb7 25. Qxf4 Qe7 26. Nf3 Rae8 27. Ba4 Rd8
28. Qe5+ Qxe5 29. Nxe5 Rf6 30. Nd7 Rd6 31. Nc5 Ba8 32. c3 Kf6 33. h3 d4 34.
Rad1 d3 35. Re3 Ke7 36. f3 f4 37. Rxe4+ Bxe4 38. fxe4 d2 39. Nb7 Rd3 40. Nxd8
Kxd8 41. Bc2 Rd7 42. Kf2 g5 43. Ke2 Kc7 44. Rxd2 Rf7 45. Kf3 h5 46. Bb3 Rf6 47.
Bd5 g4+ 48. hxg4 hxg4+ 49. Kxg4 Kb6 50. e5 Rg6+ 51. Kf3 Rg3+ 52. Kxf4 Rxg2 1-0

[Event "Open Loire 2008-2009"]
[Site "Loire"]
[Date "2008.11.15"]
[Round "2.5"]
[White "Volay, Pascal"]
[Black "Moleins, Adrien"]
[Result "0-1"]
[WhiteElo "1410"]
[BlackElo "1563"]
[PlyCount "70"]
[EventDate "2008.??.??"]

1. e4 e5 2. Nf3 Nc6 3. Bc4 Nge7 4. Nc3 g6 5. O-O Bg7 6. Re1 O-O 7. a3 d6 8. Be2
f5 9. d3 h6 10. h3 f4 11. Nh2 Nd4 12. Bg4 Bxg4 13. Nxg4 h5 14. Nh2 Qe8 15. Ne2
Ne6 16. f3 g5 17. Kh1 Qg6 18. Ng1 Kf7 19. c3 Rh8 20. g4 fxg3 21. Nf1 g4 22.
Nxg3 gxh3 23. Kh2 h4 24. N1e2 hxg3+ 25. Nxg3 Nf4 26. Rg1 Ng2 27. Qe2 Bh6 28.
Qf2 Bf4 29. Bxf4 Nxf4 30. Nf5 Qg2+ 31. Rxg2 hxg2+ 32. Nh4 Neg6 33. Qg1 Nxh4 34.
Kg3 Rag8+ 35. Kf2 Nh3+ 0-1

[Event "Open Loire 2008-2009"]
[Site "Loire"]
[Date "2008.11.15"]
[Round "2.6"]
[White "Desassis, Maxence"]
[Black "Chambosse, Alexis"]
[Result "0-1"]
[WhiteElo "1560"]
[BlackElo "1410"]
[PlyCount "48"]
[EventDate "2008.??.??"]

1. d4 d5 2. Nf3 Nc6 3. e3 Bg4 4. a3 e5 5. Be2 Bxf3 6. Bxf3 exd4 7. exd4 Bd6 8.
Bxd5 Nge7 9. Qf3 Nxd5 10. Qxd5 Bb4+ 11. axb4 Qxd5 12. O-O O-O 13. Be3 Nxd4 14.
Nc3 Qe5 15. Ra5 b5 16. Rd1 Nc6 17. Rxb5 Qe6 18. Nd5 Rfd8 19. Rd3 Ne7 20. Nxc7
Qa2 21. g3 Rac8 22. Rxd8+ Rxd8 23. Bg5 f6 24. Bf4 Ng6 0-1

[Event "Open Loire 2008-2009"]
[Site "Loire"]
[Date "2008.11.15"]
[Round "2.7"]
[White "Ben Habchi, Nordine"]
[Black "Brachet, Gerard"]
[Result "1-0"]
[WhiteElo "1530"]
[BlackElo "1390"]
[PlyCount "158"]
[EventDate "2008.??.??"]

1. e4 e5 2. f4 Nc6 3. Nf3 exf4 4. Bc4 g6 5. d4 Bg7 6. Bxf4 d6 7. O-O Bg4 8. c3
Nf6 9. Nbd2 d5 10. exd5 Nxd5 11. Re1+ Nce7 12. Qb3 O-O 13. Qxb7 Nxf4 14. Qe4
Bxf3 15. Nxf3 Re8 16. Qxf4 Nf5 17. Rxe8+ Qxe8 18. Qxc7 Rc8 19. Bxf7+ Kf8 20.
Bxe8 Rxc7 21. Bb5 h6 22. Re1 Nd6 23. Bd3 g5 24. Rf1 Rf7 25. b3 Ke7 26. c4 a6
27. c5 Nb5 28. a4 Nxd4 29. Bxa6 Nxf3+ 30. gxf3 Bd4+ 31. Kg2 Bxc5 32. Re1+ Kd6
33. Rd1+ Kc6 34. Rc1 Kb6 35. Bb5 Rc7 36. Re1 Ka5 37. Bc4 Kb4 38. Re6 h5 39. Re5
Rg7 40. h3 g4 41. Rxh5 gxf3+ 42. Kxf3 Bd6 43. Ke4 Re7+ 44. Kd5 Bf4 45. Kc6 Rc7+
46. Kd5 Rc5+ 47. Ke4 Rxh5 48. Kxf4 Rxh3 49. Ke5 Rh5+ 50. Kd6 Rg5 51. Kc6 Rg6+
52. Kb7 Ka5 53. Kc7 Rf6 54. Kd7 Kb4 55. Ke7 Rb6 56. Be6 Kc5 57. Kf6 Kb4 58. Ke5
Kc5 59. Bc4 Kb4 60. Kd4 Rd6+ 61. Ke5 Rc6 62. Ke4 Rc5 63. Kd4 Rc6 64. Kd5 Rb6
65. Ke4 Rd6 66. Bd5 Rb6 67. Kd4 Rd6 68. Ke5 Rb6 69. Kf4 Rd6 70. Bc4 Rd4+ 71.
Ke5 Rd8 72. Ke6 Rd4 73. Bd5 Rh4 74. Kd7 Rh6 75. Be6 Rh5 76. Kd6 Ra5 77. Bd7
Ra6+ 78. Ke5 Rh6 79. Be6 Kc5 1-0

[Event "Open Loire 2008-2009"]
[Site "Loire"]
[Date "2008.11.15"]
[Round "2.8"]
[White "Perez, Christian"]
[Black "Coulomb, Marc"]
[Result "1-0"]
[WhiteElo "1500"]
[BlackElo "1009"]
[PlyCount "39"]
[EventDate "2008.??.??"]

1. e4 e5 2. Nf3 Nf6 3. Nc3 d6 4. d4 exd4 5. Nxd4 Bg4 6. Be2 Bd7 7. O-O Be7 8.
Be3 d5 9. exd5 Bd6 10. Qd2 Qe7 11. Bf4 Bb4 12. Rfe1 Nh5 13. Bxh5 Be6 14. Nxe6
b6 15. Nxc7+ Kd8 16. Rxe7 Kxe7 17. Nxa8 Kd7 18. Bg4+ Ke7 19. Qe3+ Kd8 20. Bc7#
1-0

[Event "Open Loire 2008-2009"]
[Site "Loire"]
[Date "2008.11.15"]
[Round "2.9"]
[White "Schlick, Paul"]
[Black "Simon, Joel"]
[Result "1-0"]
[WhiteElo "1320"]
[BlackElo "1730"]
[PlyCount "47"]
[EventDate "2008.??.??"]

1. d4 d6 2. c4 Nf6 3. Nc3 g6 4. e4 Bg7 5. Nf3 c6 6. Bd3 O-O 7. O-O Bg4 8. Bg5
Na6 9. a3 Bxf3 10. Qxf3 Nc7 11. Rad1 Ne6 12. Be3 Rc8 13. b4 Nd7 14. Ne2 b6 15.
d5 Ne5 16. Qh3 cxd5 17. cxd5 Nc4 18. dxe6 Nxe3 19. exf7+ Rxf7 20. Qxe3 Qf8 21.
f3 Bh6 22. f4 e5 23. g3 Kh8 24. Rde1 1-0

[Event "Open Loire 2008-2009"]
[Site "Loire"]
[Date "2008.11.15"]
[Round "2.10"]
[White "Martin, Julien"]
[Black "Megnot, Philippe"]
[Result "1/2-1/2"]
[WhiteElo "1460"]
[BlackElo "1510"]
[PlyCount "118"]
[EventDate "2008.??.??"]

1. e4 e6 2. d4 d5 3. exd5 exd5 4. Qe2+ Be6 5. Nc3 c6 6. Nf3 Nf6 7. Ng5 Qd7 8.
Nxe6 Qxe6 9. Qxe6+ fxe6 10. Be2 Bb4 11. Bd2 O-O 12. O-O Nbd7 13. a3 Bd6 14. Nd1
e5 15. dxe5 Nxe5 16. c3 Rfe8 17. Ne3 Ne4 18. Be1 Re7 19. Ng4 Nxg4 20. Bxg4 Re5
21. f3 Nf6 22. Bg3 Bc5+ 23. Kh1 Re2 24. b4 Bb6 25. Rfe1 Rae8 26. Rxe2 Rxe2 27.
Bd6 Nxg4 28. fxg4 d4 29. Rf1 h6 30. cxd4 Bxd4 31. g3 Ra2 32. Rf8+ Kh7 33. Rf7
b5 34. Rc7 Rc2 35. Bc5 Bxc5 36. Rxc6 Ra2 37. Rxc5 Rxa3 38. Rxb5 Ra6 39. Kg2 Rb6
40. Ra5 a6 41. Kf3 Rxb4 42. Rxa6 Rb2 43. h4 Rb5 44. Ra7 Rb4 45. h5 Rd4 46. Re7
Rb4 47. Re4 Rb3+ 48. Kf4 Rb5 49. Re5 Rb3 50. g5 hxg5+ 51. Rxg5 Rb4+ 52. Kf5 Kh6
53. Rg6+ Kh7 54. g4 Rb5+ 55. Ke6 Rb6+ 56. Kf7 Rxg6 57. hxg6+ Kh8 58. Ke6 Kg8
59. g5 Kh8 1/2-1/2

[Event "Open Loire 2008-2009"]
[Site "Loire"]
[Date "2008.11.15"]
[Round "2.11"]
[White "Laffin, Mickael"]
[Black "Carteron, Olivier"]
[Result "0-1"]
[WhiteElo "1199"]
[BlackElo "1620"]
[PlyCount "50"]
[EventDate "2008.??.??"]

1. e4 e6 2. d4 d5 3. Bb5+ c6 4. Ba4 b5 5. Bb3 a5 6. exd5 a4 7. Bxa4 Rxa4 8. b3
Ra8 9. a4 bxa4 10. bxa4 cxd5 11. Nc3 Bb4 12. Bd2 Nc6 13. Qb1 Ba6 14. Nf3 Rb8
15. Ng5 Bxc3 16. Qa2 Bxd2+ 17. Kxd2 Qxg5+ 18. Kd1 Nf6 19. Rb1 O-O 20. Rxb8 Rxb8
21. Re1 Ne4 22. c3 Nxc3+ 23. Kc2 Nxa2 24. Re2 Nxd4+ 25. Kd1 Qc1# 0-1